Research methodology / (Record no. 48164)

000 -LEADER
fixed length control field 00608 a2200181 4500
003 - CONTROL NUMBER IDENTIFIER
control field Nust
005 - DATE AND TIME OF LATEST TRANSACTION
control field 20170111111427.0
008 - FIXED-LENGTH DATA ELEMENTS--GENERAL INFORMATION
fixed length control field 170111b xxu||||| |||| 00| 0 eng d
020 ## - INTERNATIONAL STANDARD BOOK NUMBER
International Standard Book Number 817648962X
020 ## - INTERNATIONAL STANDARD BOOK NUMBER
International Standard Book Number 9788176489621
040 ## - CATALOGING SOURCE
Transcribing agency 0
082 ## - DEWEY DECIMAL CLASSIFICATION NUMBER
Classification number 370.72
100 1# - MAIN ENTRY--PERSONAL NAME
Personal name Singh, Yogesh Kumar.
245 10 - TITLE STATEMENT
Title Research methodology /
Statement of responsibility, etc. Yogesh Kumar Singh.
260 ## - PUBLICATION, DISTRIBUTION, ETC.
Place of publication, distribution, etc. [S.l.] :
Name of publisher, distributor, etc. APH Publishing Corporation,
Date of publication, distribution, etc. 2005.
300 ## - PHYSICAL DESCRIPTION
Extent 266p
500 ## - GENERAL NOTE
General note Hardcover.
700 1# - ADDED ENTRY--PERSONAL NAME
Personal name Nath, Ruchika.
856 40 - ELECTRONIC LOCATION AND ACCESS
Materials specified Amazon.com
Uniform Resource Identifier <a href="http://www.amazon.com/exec/obidos/ASIN/817648962X/chopaconline-20">http://www.amazon.com/exec/obidos/ASIN/817648962X/chopaconline-20</a>
856 40 - ELECTRONIC LOCATION AND ACCESS
Materials specified Amazon customer reviews
Uniform Resource Identifier <a href="http://www.chopac.org/cgi-bin/tools/azrev.pl?q=817648962X">http://www.chopac.org/cgi-bin/tools/azrev.pl?q=817648962X</a>
942 ## - ADDED ENTRY ELEMENTS (KOHA)
Koha item type Book
Call number prefix 370.72 YOG
Source of classification or shelving scheme
Holdings
Withdrawn status Lost status Source of classification or shelving scheme Damaged status Not for loan Collection code Permanent Location Current Location Shelving location Date acquired Total Checkouts Full call number Barcode Date last seen Price effective from Koha item type
          Computer Science Central Library (CL) Central Library (CL) First Floor - Computer Science 01/11/2017   001.42 SIN S3H-N-1510 01/11/2017 01/11/2017 Book
© 2023 Central Library, National University of Sciences and Technology. All Rights Reserved.